[Event "Rosario Italia Cup"]
[Site "Rosario"]
[Date "2023.12.01"]
[Round "1"]
[White "Rosa, Albano"]
[Black "Martinez, Francisco"]
[Result "0-1"]
[WhiteElo "1341"]
[BlackElo "1956"]
[PlyCount "82"]
[EventDate "2023.12.01"]
[EventType "swiss"]
[EventRounds "6"]
[EventCountry "ARG"]
[SourceTitle "CB50_2023"]
[SourceDate "2023.12.13"]
[SourceVersion "1"]
[SourceVersionDate "2023.12.13"]
[SourceQuality "1"]

1. e4 d5 2. exd5 Qxd5 3. Nc3 Qa5 4. Nf3 Nf6 5. d4 Bf5 6. Bd3 e6 7. 0-0 Nc6 8. Bb5 Bd6 9. Bxc6+ bxc6 10. Nh4 Bg4 11. Qd3 Qh5 12. g3 0-0 13. f3 Bh3 14. Rf2 c5 15. dxc5 Bxc5 16. Be3 Rad8 17. Qe2 Bb6 18. Bxb6 cxb6 19. Ng2 Bxg2 20. Kxg2 Nd5 21. Nxd5 Rxd5 22. Rd1 Rfd8 23. Rxd5 Qxd5 24. c4 Qd4 25. b3 h5 26. f4 g6 27. Qf3 Qa1 28. Qb7 Rd1 29. Qf3 h4 30. gxh4 Rg1+ 31. Kh3 Qb1 32. Rg2 Rd1 33. Qe2 Qf5+ 34. Qg4 Qd3+ 35. Qg3 Qf1 36. Qf2 Rd3+ 37. Kg4 Qa1 38. Rg3 Qd1+ 39. Kh3 Rd2 40. Qf3 Qc2 41. Qc3 Qf5+ 0-1